UJEMBLEDHESI I LUMIT BLINAJE (Record no. 60634)
[ view plain ]
| 000 -LEADER | |
|---|---|
| fixed length control field | 00331nam a22001457a 4500 |
| 008 - FIXED-LENGTH DATA ELEMENTS--GENERAL INFORMATION | |
| fixed length control field | 250114b ||||| |||| 00| 0 eng d |
| 020 ## - INTERNATIONAL STANDARD BOOK NUMBER | |
| International Standard Book Number | 9789951982160 |
| 041 ## - LANGUAGE CODE | |
| Language code of text/sound track or separate title | SHQIP |
| 080 ## - UNIVERSAL DECIMAL CLASSIFICATION NUMBER | |
| Edition identifier | QAR |
| Universal Decimal Classification number | 72 |
| 082 ## - DEWEY DECIMAL CLASSIFICATION NUMBER | |
| Edition number | 72 |
| 100 ## - Rafti | |
| Rafti | 20 |
| 101 ## - Shkurtesa | |
| Shkurtesa | NDER |
| 245 ## - TITLE STATEMENT | |
| Title | UJEMBLEDHESI I LUMIT BLINAJE |
| Statement of responsibility, etc | QADRAKU .S.HAZIR |
| 942 ## - ADDED ENTRY ELEMENTS (KOHA) | |
| Source of classification or shelving scheme | |
| Item type | Books |
| Withdrawn status | Lost status | Source of classification or shelving scheme | Damaged status | Not for loan | Collection code | Permanent location | Current location | Date acquired | Total Checkouts | Barcode | Date last seen | Price effective from | Koha item type | Full call number |
|---|---|---|---|---|---|---|---|---|---|---|---|---|---|---|
| Koleksioni i përgjithshem | UBT - Prishtine | UBT - Prishtine | 01/14/2025 | 002-800070954 | 01/14/2025 | 01/14/2025 | Books | |||||||
| Koleksioni i përgjithshem | UBT - Prishtine | UBT - Prishtine | 01/14/2025 | 002-800070955 | 01/14/2025 | 01/14/2025 | Books | QAD | ||||||
| Koleksioni i përgjithshem | UBT - Prishtine | UBT - Prishtine | 01/14/2025 | 002-800070956 | 01/14/2025 | 01/14/2025 | Books | QAD | ||||||
| Koleksioni i përgjithshem | UBT - Prishtine | UBT - Prishtine | 01/14/2025 | 002-800070957 | 01/14/2025 | 01/14/2025 | Books | QAD | ||||||
| UBT - Prishtine | UBT - Prishtine | 01/14/2025 | 002-800070959 | 01/14/2025 | 01/14/2025 | Books | QAD |